000 00966njm a22003017a 4500
005 2010091602042.0
006 a|||||r|||||00| 0
007 sd ammalaaahaa
008 100901t xxu||||| |||| 00| 0 eng d
028 _aEALP 4069
_bEMI
035 _aGR-02835
040 _aSED
_cSED
100 _aMohd Rafi
_917891
245 _aBaiju Bawra /
_cby Mohd Rafi
_h[Sound recording]
246 _aBaiju Bawra /
260 _aDum Dum, India
_bEMI
300 _a1 Sound disc [Gramophone Recording] :
_banalog, 33 1/3 rpm
_c12 in. (LP)
_fGramophone Record
500 _aBrief record
500 _aRecord Labels : EMI, Red
505 _aSide- 1 Man tarpat hari darshan ko aaj Side 2 Tori jai jai kartar
600 _aMohd Rafi
_919718
650 _aFilm Song
_xExcerpts
_zIndia
_917892
700 _920094
700 _920338
700 _920339
942 _2ddc
_cGR
999 _c46298
_d46298